000 01055nam a22002057a 4500
005 20240923142413.0
010 _aHIN-128456
020 _a9789383233618
_c200.00
035 _aHN-100802
037 _bDBAD
100 _aवाजपेयी, अटल बिहारी
_971861
245 _aमेरी इक्यावन कविताएँ /
_cअटल बिहारी वाजपेयी; चंद्रिकाप्रसाद शर्मा द्वारा संपादित
250 _a30
260 _aनयी दिल्ली
_bकिताबघर प्रकाशन
_c2018
270 _a4855-56/24,अंसारी रोड,दरियागंज,
_bनयी दिल्ली
_e110002
_k011-23266207
_mkitabgharprakashan@gmail.com
300 _a168 पृ.
_c22 सेमी (सजिल्द)
650 _aहिन्दी कविता
_971862
700 _a शर्मा, चंद्रिकाप्रसाद
_971863
942 _2ddc
_cHN
_h821
_mवाजपे
999 _c205856
_d205856